House building (Record no. 110466)
[ view plain ]
| 000 -LEADER | |
|---|---|
| fixed length control field | 01689cad a22002415a 4500 |
| 001 - CONTROL NUMBER | |
| control field | L149331 |
| 008 - FIXED-LENGTH DATA ELEMENTS--GENERAL INFORMATION | |
| fixed length control field | 090219e20100219xxkd f s f000 0 eng d |
| 035 ## - SYSTEM CONTROL NUMBER | |
| System control number | (Sirsi) u149331 |
| 041 0# - LANGUAGE CODE | |
| Language code of text/sound track or separate title | eng |
| 110 1# - MAIN ENTRY--CORPORATE NAME | |
| Corporate name or jurisdiction name as entry element | United Kingdom |
| Subordinate unit | Department for Communities and Local Government |
| 9 (RLIN) | 4939 |
| 245 00 - TITLE STATEMENT | |
| Title | House building |
| Remainder of title | December Quarter 2009, England |
| Medium | [electronic resource] |
| 260 ## - PUBLICATION, DISTRIBUTION, ETC. | |
| Date of publication, distribution, etc. | 2010 |
| 490 #0 - SERIES STATEMENT | |
| Series statement | DCLG Housing Statistical Release |
| Volume/sequential designation | December Quarter 2009, 18 February 2010 |
| 505 2# - FORMATTED CONTENTS NOTE | |
| Formatted contents note | Starts and completions in England -- Tenure trends -- Regional trends -- House building targets -- Data collection -- Accompanying tables -- Background notes |
| 520 ## - SUMMARY, ETC. | |
| Summary, etc. | Reports on house building starts and completions during the period of October to December 2009 in the England. Updates statistics published in November 2009. Accompanying tables are available alongside this document on the website. From October to December 2009, there were 21 880 seasonally adjusted house building starts in England. An estimate of 28 200 houses were completed in the last quarter of 2009, down by 3% compared to the previous quarter. Annual housing completions in England totalled 118 000 in the 12 months to December 2009, down by 17 per cent compared with the 12 months to December 2008. |
| 590 ## - LOCAL NOTE (RLIN) | |
| Local note | KA NTK |
| 650 24 - SUBJECT ADDED ENTRY--TOPICAL TERM | |
| Topical term or geographic name entry element | DCLG QUARTERLY HOUSE BUILDING STATISTICS |
| 651 #4 - SUBJECT ADDED ENTRY--GEOGRAPHIC NAME | |
| Geographic name | United Kingdom |
| Chronological subdivision | |
| 690 ## - LOCAL SUBJECT ADDED ENTRY--TOPICAL TERM (OCLC, RLIN) | |
| Topical term or geographic name as entry element | PROPERTY-RESIDENTIAL PROPERTY-RESIDENTIAL PROPERTY DEVELOPMENT |
| 690 ## - LOCAL SUBJECT ADDED ENTRY--TOPICAL TERM (OCLC, RLIN) | |
| Topical term or geographic name as entry element | BUILT ENVIRONMENT-CONSTRUCTION MARKET |
| 856 40 - ELECTRONIC LOCATION AND ACCESS | |
| Uniform Resource Identifier | <a href="https://www.communities.gov.uk/publications/corporate/statistics/housebuildingq42009">https://www.communities.gov.uk/publications/corporate/statistics/housebuildingq42009</a> |
| Public note | View the item free of charge at www.communities.gov.uk... |
| 942 ## - ADDED ENTRY ELEMENTS (KOHA) | |
| Suppress in OPAC | 0 |
| Withdrawn status | Lost status | Source of classification or shelving scheme | Damaged status | Not for loan | Home library | Current library | Shelving location | Date acquired | Total Checkouts | Full call number | Barcode | Date last seen | Copy number | Price effective from | Koha item type |
|---|---|---|---|---|---|---|---|---|---|---|---|---|---|---|---|
| Dewey Decimal Classification | Virtual | Virtual | Online | 19/02/2010 | ONLINE PUBLICATION | 149331-2001 | 06/08/2019 | 1 | 06/08/2019 | Book |